000 00577nam a2200229Ia 4500
003 OSt
005 20221005130832.0
006 a|||||r|||| 00| 0
007 ta
008 221004b |||||||| |||| 00| 0 mal d
024 _a57959
037 _cTextual
040 _aCRL
_cCRL
_bmal
041 _2mal
_amal
082 _aO32,6NKO,1, H6
100 _aKochunni menon
_9638738
245 0 _aSanjaya puja
260 _c1946
650 _aMALAYALAM LITERATURE
_938866
942 _hO32,6NKO,1, H6
_cTEXL
_2cc
999 _c1058561
_d1058561